Score 0/40 Timer 04:00
0 Plays Today
% Correct
STAR
95.7%
LOVE
91.3%
GIFT
90.8%
ROSE
90.4%
LOSE
90.2%
BATS
88.7%
LIFT
88%
MASK
85.8%
MOOS
85.6%
CONE
82.2%
COMB
82%
BONE
81%
LUST
80.1%
BOOS
79.8%
MATS
79.8%
COME
78.5%
LENT
78.4%
BENS
78.3%
BUNS
77.5%
SEAT
77.3%
% Correct
BENT
76.9%
STAT
76.9%
RUSE
76.7%
LOST
76.6%
LEFT
75.2%
DOOR
74.1%
GOLD
74%
MUST
73.4%
MUSE
72.5%
BOTS
72.3%
TOMB
70.3%
MOOR
69.8%
POST
69.8%
MASS
68.4%
BUNE
65.7%
GILD
64.1%
LEAT
62.4%
GILT
61.8%
DOOM
61.1%
POET
44.3%

Today's Daily Dose

Remove Ads.
Support Sporcle.
Get the best of Sporcle when you Go Orange. This ad-free experience offers more features, more stats, and more fun while also helping to support Sporcle. Thank you for becoming a member.

You're not logged in!

Compare scores with friends on all Sporcle quizzes.
OR
Log In

Show Comments

Extras

Top Quizzes Today


Score Distribution

Your Account Isn't Verified!

In order to create a playlist on Sporcle, you need to verify the email address you used during registration. Go to your Sporcle Settings to finish the process.

Report this User

Report this user for behavior that violates our Community Guidelines.

Details: